Declaraciones de Cuba sobre los sucesos de Granada: Octubre de 1983
Gorde:
| Beste egile batzuk: | , , , |
|---|---|
| Formatua: | Texto |
| Hizkuntza: | Spanish |
| Argitaratua: |
La Habana:
Editora Política
|
| Gaiak: | |
| Etiketak: |
Etiketa erantsi
Etiketarik gabe, Izan zaitez lehena erregistro honi etiketa jartzen!
|
MARC
| LEADER | 00000 a a2200000 04500 | ||
|---|---|---|---|
| 001 | 14595 | ||
| 003 | cru CIDCACS/IIS | ||
| 005 | 20231025162417.0 | ||
| 008 | 180525b1983 cr ||||| |||| 00| 0 spa d | ||
| 040 | |c cru CIDCACS/IIS |a cru CIDCACS/IIS | ||
| 090 | |a 04.04.02 D295d | ||
| 245 | |a Declaraciones de Cuba sobre los sucesos de Granada: Octubre de 1983 |c Nora Madán, editora; Alejandro Greenidge, diseñador; Nilda Pereira y Roberto Sánchez realizadores | ||
| 260 | |a La Habana: |b Editora Política | ||
| 300 | |a 30 páginas | ||
| 650 | 1 | 0 | |9 7170 |a PARTIDO COMUNISTA |
| 650 | 1 | 0 | |9 3633 |a CONFLICTOS POLITICOS |
| 650 | 4 | |9 1921 |a INTERVENCION EXTRANJERA | |
| 650 | 1 | 0 | |9 4686 |a CUBANOS |
| 651 | 1 | 0 | |9 245 |a ESTADOS UNIDOS |
| 651 | 0 | |9 1861 |a NICARAGUA | |
| 700 | 1 | |9 7272 |a Madán, Nora |e editora | |
| 700 | 1 | |9 7275 |a Greenidge, Alejandro |c Diseñador |e Diseñador | |
| 700 | 1 | |9 7276 |a Pereira, Nidia |e Realizadora | |
| 700 | 1 | |9 7277 |a Sánchez, Roberto |d Realizador | |
| 942 | |2 z |c LI |h 04.04.02 D295d |i 09776 |6 040402_D295D_09776 | ||
| 999 | |c 6609 |d 6609 | ||
